Normal view
MARC view
Entry Corporate Name
001 - CONTROL NUMBER
- control field: 31222
003 - CONTROL NUMBER IDENTIFIER
- control field: ARRUPE
005 - DATE AND TIME OF LATEST TRANSACTION
- control field: 20170529102209.0
008 - FIXED-LENGTH DATA ELEMENTS
- fixed length control field: 170529|| aca||aabn | a|a d
040 ## - CATALOGING SOURCE
- Original cataloging agency: ARRUPE
- Transcribing agency: ARRUPE
110 ## - HEADING--CORPORATE NAME
- Corporate name or jurisdiction name as entry element: Inter-university Committee for African Studies.
670 ## - SOURCE DATA FOUND
- Source citation: Work cat.: (ARRUPE)65467: Schapera, Isaac, 1905-2003, ed. 31216, Select bibliography of South African native life and problems., 1941.